书目信息 |
| 书名: | "A long time coming" | |
| 作者: | Evan Thomas | |
| 分册号: | ||
| 分册名: | 出版地: | U.S.A |
|
| 出版社: | Publicaffairs | |
| 出版时间: | 2009 | |
| 页数: | 220P | |
| 开本: | 24cm | |
| 丛书名: | ||
| 中图分类号: | ||
| 科图分类号: | ||
| 其他分类号: | D771.224 | |
| 主题词: | ||
| 电子资源: | ||
| 000 | 00378nam0 2200145 450 | |
| 001 | 202012196449 | |
| 005 | 20121107083649.0 | |
| 008 | 20010101s | |
| 020 | @a978-1-5864-8607-5@bHARD@c$22.95 | |
| 099 | @dD771.224@eE9234 | |
| 245 | 10 | @a"A long time coming"@cEvan Thomas |
| 260 | 0 | @aU.S.A@bPublicaffairs@c2009 |
| 300 | @a220P@c24cm | |
| 905 | @b5904-6 | |
| 905 | @aTSG | |
| "A long time coming" / Evan Thomas.-U.S.A : Publicaffairs , 2009 |
| 220P ; 24cm |
| ISBN 978-1-5864-8607-5HARD$22.95 |
| ● |
| 相关链接 |
|
|
|
正题名:A long time coming
索取号:D771.224/E9234
 
预约/预借
| 序号 | 登录号 | 条形码 | 馆藏地/架位号 | 状态 | 备注 |
| 1 | 5904 | 300059040 | 社科库509/509社科库 53排2列3层/ [索取号:D771.224/E9234] | 在馆 | |
| 2 | 5905 | 300059059 | 社科库509/509社科库 53排2列3层/ [索取号:D771.224/E9234] | 在馆 | |
| 3 | 5906 | 300059068 | 社科库509/509社科库 53排2列3层/ [索取号:D771.224/E9234] | 在馆 |